<?xml version="1.0" encoding="UTF-8"?>
<record
    xmlns:xsi="http://www.w3.org/2001/XMLSchema-instance"
    xsi:schemaLocation="http://www.loc.gov/MARC21/slim http://www.loc.gov/standards/marcxml/schema/MARC21slim.xsd"
    xmlns="http://www.loc.gov/MARC21/slim">

  <leader>02042nam a22001817a 4500</leader>
  <controlfield tag="008">121102t        xxu||||| |||| 00| 0 eng d</controlfield>
  <datafield tag="020" ind1=" " ind2=" ">
    <subfield code="a">0826464165</subfield>
  </datafield>
  <datafield tag="050" ind1=" " ind2=" ">
    <subfield code="a">QA76.76.O63.R51</subfield>
  </datafield>
  <datafield tag="100" ind1=" " ind2=" ">
    <subfield code="a">Ritchie, Colin.</subfield>
  </datafield>
  <datafield tag="245" ind1=" " ind2=" ">
    <subfield code="a">Operating systems: Incorporating UNIX &amp; windows. /</subfield>
    <subfield code="c">Colin Ritchie</subfield>
  </datafield>
  <datafield tag="250" ind1=" " ind2=" ">
    <subfield code="a">4th ed.</subfield>
  </datafield>
  <datafield tag="260" ind1=" " ind2=" ">
    <subfield code="a">Australia:</subfield>
    <subfield code="b">Thomson,</subfield>
    <subfield code="c">2003.</subfield>
  </datafield>
  <datafield tag="300" ind1=" " ind2=" ">
    <subfield code="a">xvi, 279 p.:</subfield>
    <subfield code="b">ill.;</subfield>
    <subfield code="c">25cm.</subfield>
  </datafield>
  <datafield tag="500" ind1=" " ind2=" ">
    <subfield code="a">Includes bibliographical references and index.</subfield>
  </datafield>
  <datafield tag="505" ind1=" " ind2=" ">
    <subfield code="a">Contents: Background: What is an operating system -- History and evolution -- An Introduction to UNIX and windows -- Basics: Introduction -- Overview of operating system -- The 'Process' concept -- Hardware features -- Introduction to object orientation -- User interface -- Outline -- System calls -- Command languages -- Job control languages -- Graphical user interface -- Windows registry database -- Process management -- Scheduling -- Process in UNIX -- Process in windows -- Memory management 1: Introduction -- Memory allocation methods -- Memory management 2: Virtual memory -- Virtual segmented systems -- Virtual machines -- Memory management 3: Virtual memory -- Protection and sharing -- Windows memory management -- UNIX memory management -- Summary -- Input-output -- Organisation of I/O software and hardware -- UNIX I/O system -- Windows NT and XP I/O system -- File management 1: File management techniques -- Improving the performance of disk systems -- Concurrent process 1: Basic principles -- Competing processes -- UNIX features -- Concurrent processes -- Concurrent processes 2: Deadlocks -- Interprocess communication -- Networks and distributed system: Introduction -- Networks -- The Internet and world wide web -- Distributed systems -- Security: Introduction -- Security - the nature of the threats -- Security techniques -- Appendix A: Introduction to UNIX shell -- Appendix B: Summary of MS-DOS commands.</subfield>
  </datafield>
  <datafield tag="650" ind1=" " ind2=" ">
    <subfield code="a">Operating systems (Computers)    </subfield>
    <subfield code="x"> UNIX (Computer file)     </subfield>
    <subfield code="x">Microsoft Windows (Computer file)</subfield>
  </datafield>
  <datafield tag="942" ind1=" " ind2=" ">
    <subfield code="2">lcc</subfield>
    <subfield code="c">BK</subfield>
  </datafield>
  <datafield tag="999" ind1=" " ind2=" ">
    <subfield code="c">2486</subfield>
    <subfield code="d">9986</subfield>
  </datafield>
  <datafield tag="952" ind1=" " ind2=" ">
    <subfield code="0">0</subfield>
    <subfield code="1">0</subfield>
    <subfield code="2">lcc</subfield>
    <subfield code="4">0</subfield>
    <subfield code="7">0</subfield>
    <subfield code="a">WIUC-1</subfield>
    <subfield code="b">WIUC-1</subfield>
    <subfield code="c">REF</subfield>
    <subfield code="d">2012-11-02</subfield>
    <subfield code="l">0</subfield>
    <subfield code="o">QA76.76.O63.R51</subfield>
    <subfield code="p">6240/12</subfield>
    <subfield code="r">2012-11-02 00:00:00</subfield>
    <subfield code="t">1</subfield>
    <subfield code="w">2012-11-02</subfield>
    <subfield code="y">BK</subfield>
  </datafield>
  <datafield tag="952" ind1=" " ind2=" ">
    <subfield code="0">0</subfield>
    <subfield code="1">0</subfield>
    <subfield code="2">lcc</subfield>
    <subfield code="4">0</subfield>
    <subfield code="7">0</subfield>
    <subfield code="a">WIUC-1</subfield>
    <subfield code="b">WIUC-1</subfield>
    <subfield code="c">REF</subfield>
    <subfield code="d">2012-11-02</subfield>
    <subfield code="l">1</subfield>
    <subfield code="o">QA76.76.O63.R512</subfield>
    <subfield code="p">6241/12</subfield>
    <subfield code="r">2013-11-18 00:00:00</subfield>
    <subfield code="s">2013-11-18</subfield>
    <subfield code="t">2</subfield>
    <subfield code="w">2012-11-02</subfield>
    <subfield code="y">BK</subfield>
  </datafield>
  <datafield tag="952" ind1=" " ind2=" ">
    <subfield code="0">0</subfield>
    <subfield code="1">0</subfield>
    <subfield code="2">lcc</subfield>
    <subfield code="4">0</subfield>
    <subfield code="7">0</subfield>
    <subfield code="a">WIUC-KL</subfield>
    <subfield code="b">WIUC-KL</subfield>
    <subfield code="c">GEN</subfield>
    <subfield code="d">2019-11-14</subfield>
    <subfield code="o">QA76.76.O63.R512</subfield>
    <subfield code="p">K/2325/2325/19</subfield>
    <subfield code="r">2022-06-07 00:00:00</subfield>
    <subfield code="t">2</subfield>
    <subfield code="w">2022-06-07</subfield>
    <subfield code="y">BK</subfield>
  </datafield>
  <datafield tag="952" ind1=" " ind2=" ">
    <subfield code="0">0</subfield>
    <subfield code="1">0</subfield>
    <subfield code="2">lcc</subfield>
    <subfield code="4">0</subfield>
    <subfield code="7">0</subfield>
    <subfield code="a">WIUC-KL</subfield>
    <subfield code="b">WIUC-KL</subfield>
    <subfield code="c">GEN</subfield>
    <subfield code="d">2019-11-14</subfield>
    <subfield code="o">QA76.76.O63.R51</subfield>
    <subfield code="p">K/2324/2324/19</subfield>
    <subfield code="r">2022-06-07 00:00:00</subfield>
    <subfield code="t">1</subfield>
    <subfield code="w">2022-06-07</subfield>
    <subfield code="y">BK</subfield>
  </datafield>
</record>
